000 01149nam a2200325 4500
001 179036
003 ES-MaACL
005 20250720154503.0
008 110823s2008 sp acef |||| |dspa d
020 _a978-84-934215-6-4
080 _a929 Napoleón (44) I
080 _a929 Wellington, Arthur Wellesley, Duke of
080 _a355.48(4)"1815"
100 1 _aRoberts, Andrew.
_9147709
245 1 0 _aNapoleón y Wellington /
_cAndrew Roberts ; traducción de Fernando Miranda.
260 _aGranada :
_bAlmed,
_c[2008]
300 _aXL, 420 p., [24] p. de lám. col. y n. :
_bmapa, plano ;
_c20 cm.
490 1 _aHistoria
500 _aCronología.
500 _aÍndice.
504 _aBibliografía: p. 397-409, 411-412.
600 0 7 _aNapoleón
_bI
_c, Emperador de Francia.
_984910
600 1 7 _aWellington, Arthur Wellesley
_cDuke of.
_9116448
650 _aBatalla de Waterloo, 1815.
_9176211
700 1 _aMiranda, Fernando
_9147464
830 0 _aHistoria
_9177536
852 _aES-MaACL
_jA-11430
_9185905
_bR.145894
_cDEPO1
_dOlim: N-4434
942 _2udc
_cMONOGRAFIA
999 _c179036
_d179036